| 000 | 00392 a2200169 4500 | ||
|---|---|---|---|
| 001 | 14853 | ||
| 020 | _a9788593721007 | ||
| 040 | _cAnchieta - Aquarius | ||
| 100 | _aPereira, Jorge Franklin | ||
| 240 | 1 | 0 |
_aO pintor de sonhos! _lpor |
| 245 | 1 | 0 | _aO pintor de sonhos! |
| 300 | _a538 | ||
| 362 | 0 | _a2017 | |
| 440 | 1 | _aGreat Time Inter Star | |
| 650 | 4 | _aLiteratura brasileira | |
| 942 | _cBK | ||
| 999 |
_c14853 _d14853 |
||